[Event "Hoogeveen Open"]
[Site "Hoogeveen, Netherlands"]
[Date "2018.10.22"]
[Round "4.25"]
[White "Vroombout, Enrico"]
[Black "Iniyan, P"]
[Result "0-1"]
[WhiteElo "2132"]
[BlackElo "2476"]

1. d4 {[%clk 01:30:57]} {[%emt 00:00:02]} Nf6 {[%clk 01:30:48]} {[%emt
00:00:13]} 2. c4 {[%clk 01:31:24]} {[%emt 00:00:03]} g6 {[%clk 01:31:12]}
{[%emt 00:00:06]} 3. Nc3 {[%clk 01:31:50]} {[%emt 00:00:04]} Bg7 {[%clk
01:31:35]} {[%emt 00:00:05]} 4. e4 {[%clk 01:32:16]} {[%emt 00:00:06]} d6
{[%clk 01:32:01]} {[%emt 00:00:05]} 5. Nf3 {[%clk 01:32:16]} {[%emt 00:00:29]}
O-O {[%clk 01:32:24]} {[%emt 00:00:07]} 6. Be2 {[%clk 01:32:43]} {[%emt
00:00:03]} e5 {[%clk 01:32:35]} {[%emt 00:00:19]} 7. O-O {[%clk 01:33:01]}
{[%emt 00:00:12]} Nc6 {[%clk 01:33:02]} {[%emt 00:00:04]} 8. d5 {[%clk
01:33:21]} {[%emt 00:00:09]} Ne7 {[%clk 01:33:27]} {[%emt 00:00:05]} 9. Ne1
{[%clk 01:33:42]} {[%emt 00:00:09]} Nd7 {[%clk 01:33:53]} {[%emt 00:00:04]} 10.
Nd3 {[%clk 01:33:54]} {[%emt 00:00:17]} f5 {[%clk 01:34:18]} {[%emt 00:00:06]}
11. Bd2 {[%clk 01:34:16]} {[%emt 00:00:08]} Nf6 {[%clk 01:33:58]} {[%emt
00:00:50]} 12. f3 {[%clk 01:34:37]} {[%emt 00:00:08]} f4 {[%clk 01:34:24]}
{[%emt 00:00:05]} 13. c5 {[%clk 01:34:46]} {[%emt 00:00:21]} g5 {[%clk
01:34:49]} {[%emt 00:00:05]} 14. cxd6 {[%clk 01:34:19]} {[%emt 00:00:57]} cxd6
{[%clk 01:35:14]} {[%emt 00:00:06]} 15. Nf2 {[%clk 01:34:45]} {[%emt 00:00:03]}
h5 {[%clk 01:35:05]} {[%emt 00:00:39]} 16. h3 {[%clk 01:34:57]} {[%emt
00:00:18]} Rf7 {[%clk 01:31:19]} {[%emt 00:04:17]} 17. Rc1 {[%clk 01:34:14]}
{[%emt 00:01:12]} Ng6 {[%clk 01:29:50]} {[%emt 00:01:59]} 18. Qb3 {[%clk
01:34:24]} {[%emt 00:00:20]} Bf8 {[%clk 01:23:13]} {[%emt 00:07:07]} 19. Rc2
{[%clk 01:33:42]} {[%emt 00:01:12]} Nh4 {[%clk 01:20:54]} {[%emt 00:02:49]} 20.
Nb5 {[%clk 01:33:09]} {[%emt 00:01:04]} a6 {[%clk 01:20:23]} {[%emt 00:01:00]}
21. Nc7 {[%clk 01:32:24]} {[%emt 00:01:15]} Rb8 {[%clk 01:12:16]} {[%emt
00:08:38]} 22. Rfc1 {[%clk 01:21:05]} {[%emt 00:11:48]} Bd7 {[%clk 01:06:02]}
{[%emt 00:06:43]} 23. Ne6 {[%clk 01:10:58]} {[%emt 00:10:37]} Bxe6 {[%clk
01:06:16]} {[%emt 00:00:15]} 24. dxe6 {[%clk 01:11:26]} {[%emt 00:00:04]} Re7
{[%clk 01:06:40]} {[%emt 00:00:07]} 25. Bc4 {[%clk 00:57:31]} {[%emt 00:14:24]}
Kh8 {[%clk 01:06:30]} {[%emt 00:00:40]} 26. Bd5 {[%clk 00:57:37]} {[%emt
00:00:24]} Rg7 {[%clk 00:59:38]} {[%emt 00:07:21]} 27. Be1 {[%clk 00:56:14]}
{[%emt 00:01:54]} Ng6 {[%clk 00:44:12]} {[%emt 00:15:56]} 28. Qa4 {[%clk
00:35:31]} {[%emt 00:21:12]} Ne7 {[%clk 00:42:15]} {[%emt 00:02:28]} 29. Qa5
{[%clk 00:33:18]} {[%emt 00:02:43]} Qxa5 {[%clk 00:38:04]} {[%emt 00:04:41]} 30.
Bxa5 {[%clk 00:33:44]} {[%emt 00:00:03]} Nexd5 {[%clk 00:38:14]} {[%emt
00:00:21]} 31. exd5 {[%clk 00:34:05]} {[%emt 00:00:09]} Nxd5 {[%clk 00:38:37]}
{[%emt 00:00:07]} 32. Rc8 {[%clk 00:33:30]} {[%emt 00:01:05]} Rxc8 {[%clk
00:39:01]} {[%emt 00:00:05]} 33. Rxc8 {[%emt 00:00:06]} Rg8 {[%clk 00:39:24]}
{[%emt 00:00:06]} 34. Rb8 {[%clk 00:32:05]} {[%emt 00:02:21]} b5 {[%clk
00:37:32]} {[%emt 00:02:22]} 35. Ne4 {[%clk 00:23:21]} {[%emt 00:09:13]} Be7
{[%clk 00:32:18]} {[%emt 00:05:44]} 36. Rb7 {[%clk 00:23:47]} {[%emt 00:00:04]}
Rg6 {[%clk 00:30:06]} {[%emt 00:02:43]} 37. Nc3 {[%clk 00:10:14]} {[%emt
00:14:04]} Nxc3 {[%clk 00:30:27]} {[%emt 00:00:08]} 38. Rxe7 {[%clk 00:10:40]}
{[%emt 00:00:03]} Nd5 {[%clk 00:30:52]} {[%emt 00:00:06]} 39. Ra7 {[%clk
00:10:49]} {[%emt 00:00:21]} Rxe6 {[%clk 00:29:47]} {[%emt 00:01:35]} 40. Rxa6
{[%clk 00:11:05]} {[%emt 00:00:14]} Rg6 {[%clk 00:26:57]} {[%emt 00:03:19]} 41.
Kf2 {[%clk 00:02:45]} {[%emt 00:08:50]} Kg7 {[%clk 00:26:49]} {[%emt 00:00:39]}
42. Ra7+ {[%clk 00:00:34]} {[%emt 00:02:41]} Kf6 {[%clk 00:25:31]} {[%emt
00:01:48]} 43. Rb7 {[%clk 00:00:58]} {[%emt 00:00:07]} Ne3 {[%clk 00:23:12]}
{[%emt 00:02:48]} 44. Rxb5 {[%clk 00:28:48]} {[%emt 00:02:40]} g4 {[%clk
00:53:36]} {[%emt 00:00:05]} 45. fxg4 {[%clk 00:21:11]} {[%emt 00:08:07]} hxg4
{[%clk 00:53:59]} {[%emt 00:00:08]} 46. h4 {[%clk 00:21:33]} {[%emt 00:00:08]}
g3+ {[%clk 00:51:49]} {[%emt 00:02:40]} 47. Kf3 {[%clk 00:21:41]} {[%emt
00:00:22]} d5 {[%clk 00:52:13]} {[%emt 00:00:06]} 48. Rb6+ {[%clk 00:13:08]}
{[%emt 00:09:04]} Kf5 {[%clk 00:52:36]} {[%emt 00:00:06]} 49. Rxg6 {[%clk
00:13:30]} {[%emt 00:00:08]} Kxg6 {[%clk 00:53:02]} {[%emt 00:00:04]} 50. Bd2
{[%clk 00:11:33]} {[%emt 00:02:27]} d4 {[%clk 00:53:27]} {[%emt 00:00:05]} 51.
a4 {[%clk 00:09:24]} {[%emt 00:02:39]} Kf5 {[%clk 00:53:52]} {[%emt 00:00:05]}
52. a5 {[%clk 00:07:36]} {[%emt 00:02:18]} d3 {[%clk 00:53:58]} {[%emt
00:00:24]} 0-1

[Event "Hoogeveen Open"]
[Site "Hoogeveen, Netherlands"]
[Date "2018.10.22"]
[Round "4.26"]
[White "Hamblok, Roel"]
[Black "Mijnheer, Peter"]
[Result "1-0"]
[WhiteElo "2275"]
[BlackElo "2092"]

1. d4 {[%clk 01:30:37]} {[%emt 00:00:23]} d5 {[%clk 01:30:50]} {[%emt
00:00:09]} 2. Bf4 {[%clk 01:30:58]} {[%emt 00:00:10]} e6 {[%clk 01:31:10]}
{[%emt 00:00:10]} 3. e3 {[%clk 01:31:22]} {[%emt 00:00:07]} Bd6 {[%clk
01:31:30]} {[%emt 00:00:09]} 4. Bg3 {[%clk 01:31:46]} {[%emt 00:00:06]} Nf6
{[%clk 01:31:51]} {[%emt 00:00:08]} 5. Nd2 {[%clk 01:32:10]} {[%emt 00:00:07]}
O-O {[%clk 01:28:40]} {[%emt 00:03:41]} 6. Ngf3 {[%clk 01:31:12]} {[%emt
00:01:28]} b6 {[%clk 01:29:06]} {[%emt 00:00:05]} 7. c3 {[%clk 01:31:21]}
{[%emt 00:00:20]} c5 {[%clk 01:27:52]} {[%emt 00:01:43]} 8. Bd3 {[%clk
01:29:21]} {[%emt 00:02:31]} Ba6 {[%clk 01:26:13]} {[%emt 00:02:09]} 9. Bxa6
{[%clk 01:28:41]} {[%emt 00:01:09]} Nxa6 {[%clk 01:26:40]} {[%emt 00:00:04]} 10.
Qe2 {[%clk 01:29:04]} {[%emt 00:00:08]} Nc7 {[%clk 01:22:29]} {[%emt 00:04:40]}
11. Rd1 {[%clk 01:28:08]} {[%emt 00:01:27]} c4 {[%clk 00:53:45]} {[%emt
00:29:13]} 12. Ne5 {[%clk 01:19:21]} {[%emt 00:09:17]} Bxe5 {[%clk 00:48:20]}
{[%emt 00:05:55]} 13. Bxe5 {[%clk 01:17:19]} {[%emt 00:02:32]} b5 {[%clk
00:44:43]} {[%emt 00:04:06]} 14. O-O {[%clk 01:16:15]} {[%emt 00:01:34]} Rb8
{[%clk 00:40:15]} {[%emt 00:04:59]} 15. e4 {[%clk 01:13:49]} {[%emt 00:02:56]}
b4 {[%clk 00:31:54]} {[%emt 00:08:52]} 16. exd5 {[%clk 01:02:37]} {[%emt
00:11:41]} exd5 {[%clk 00:32:03]} {[%emt 00:00:21]} 17. cxb4 {[%clk 01:01:32]}
{[%emt 00:01:36]} Rxb4 {[%clk 00:31:48]} {[%emt 00:00:44]} 18. b3 {[%clk
01:01:38]} {[%emt 00:00:24]} Nb5 {[%clk 00:28:15]} {[%emt 00:04:03]} 19. Rc1
{[%clk 00:59:44]} {[%emt 00:02:24]} c3 {[%clk 00:20:02]} {[%emt 00:08:43]} 20.
Nb1 {[%clk 00:58:42]} {[%emt 00:01:32]} Re8 {[%clk 00:18:06]} {[%emt 00:02:26]}
21. Bxf6 {[%clk 00:48:58]} {[%emt 00:10:14]} gxf6 {[%clk 00:16:03]} {[%emt
00:02:31]} 22. Qg4+ {[%clk 00:48:34]} {[%emt 00:00:55]} Kh8 {[%clk 00:16:10]}
{[%emt 00:00:23]} 23. Nxc3 {[%clk 00:48:09]} {[%emt 00:00:57]} Nxd4 {[%clk
00:10:56]} {[%emt 00:05:43]} 24. Qh5 {[%clk 00:47:00]} {[%emt 00:01:39]} Qd6
{[%clk 00:03:52]} {[%emt 00:07:34]} 25. Rfe1 {[%clk 00:40:58]} {[%emt
00:06:32]} Rg8 {[%clk 00:03:18]} {[%emt 00:01:04]} 26. g3 {[%clk 00:36:35]}
{[%emt 00:04:52]} Ne6 {[%clk 00:01:38]} {[%emt 00:02:10]} 27. Qxf7 {[%clk
00:34:04]} {[%emt 00:03:01]} Ng5 {[%clk 00:02:00]} {[%emt 00:00:08]} 28. Qxd5
{[%clk 00:33:50]} {[%emt 00:00:44]} Nh3+ {[%clk 00:02:00]} {[%emt 00:00:30]} 29.
Kf1 {[%clk 00:29:17]} {[%emt 00:05:03]} Qa6+ {[%clk 00:02:01]} {[%emt
00:00:29]} 30. Re2 {[%clk 00:29:27]} {[%emt 00:00:21]} Rf4 {[%clk 00:01:23]}
{[%emt 00:01:08]} 31. Ke1 {[%clk 00:26:28]} {[%emt 00:03:28]} Rxf2 {[%clk
00:01:19]} {[%emt 00:00:33]} 32. Rxf2 {[%clk 00:26:06]} {[%emt 00:00:53]} Nxf2
{[%clk 00:01:22]} {[%emt 00:00:27]} 33. Kxf2 {[%clk 00:26:12]} {[%emt
00:00:24]} Qb6+ {[%clk 00:01:49]} {[%emt 00:00:03]} 34. Kg2 {[%clk 00:26:13]}
{[%emt 00:00:28]} Rd8 {[%clk 00:02:14]} {[%emt 00:00:06]} 35. Qe4 {[%clk
00:24:05]} {[%emt 00:02:37]} Rd2+ {[%clk 00:02:26]} {[%emt 00:00:19]} 36. Ne2
{[%clk 00:23:38]} {[%emt 00:00:56]} 1-0

[Event "Hoogeveen Open"]
[Site "Hoogeveen, Netherlands"]
[Date "2018.10.22"]
[Round "4.28"]
[White "Kokje, Joris"]
[Black "Biermann, Florian"]
[Result "1-0"]
[WhiteElo "2232"]
[BlackElo "2024"]

1. d4 {[%clk 01:30:55]} {[%emt 00:00:04]} Nf6 {[%clk 01:30:56]} {[%emt
00:00:05]} 2. c4 {[%clk 01:31:20]} {[%emt 00:00:06]} g6 {[%clk 01:31:21]}
{[%emt 00:00:04]} 3. f3 {[%clk 01:31:45]} {[%emt 00:00:05]} Bg7 {[%clk
01:31:31]} {[%emt 00:00:20]} 4. e4 {[%clk 01:32:09]} {[%emt 00:00:06]} d6
{[%clk 01:31:56]} {[%emt 00:00:05]} 5. Nc3 {[%clk 01:32:33]} {[%emt 00:00:06]}
O-O {[%clk 01:32:19]} {[%emt 00:00:07]} 6. Nge2 {[%clk 01:33:00]} {[%emt
00:00:03]} c5 {[%clk 01:29:51]} {[%emt 00:02:59]} 7. d5 {[%clk 01:33:24]}
{[%emt 00:00:05]} e6 {[%clk 01:29:11]} {[%emt 00:01:10]} 8. Ng3 {[%clk
01:33:48]} {[%emt 00:00:06]} exd5 {[%clk 01:28:59]} {[%emt 00:00:43]} 9. cxd5
{[%clk 01:34:11]} {[%emt 00:00:06]} Nbd7 {[%clk 01:25:50]} {[%emt 00:03:39]} 10.
Be2 {[%clk 01:34:13]} {[%emt 00:00:27]} Nh5 {[%clk 01:23:06]} {[%emt 00:03:15]}
11. Nxh5 {[%clk 01:30:14]} {[%emt 00:04:28]} gxh5 {[%clk 01:20:46]} {[%emt
00:02:51]} 12. O-O {[%clk 01:28:23]} {[%emt 00:02:21]} Ne5 {[%clk 01:08:56]}
{[%emt 00:12:20]} 13. h3 {[%clk 01:24:05]} {[%emt 00:04:48]} h4 {[%clk
01:04:13]} {[%emt 00:05:13]} 14. f4 {[%clk 01:22:23]} {[%emt 00:02:11]} Ng6
{[%clk 01:02:37]} {[%emt 00:02:06]} 15. f5 {[%clk 01:22:04]} {[%emt 00:00:49]}
Ne5 {[%clk 01:00:53]} {[%emt 00:02:14]} 16. Be3 {[%clk 01:20:28]} {[%emt
00:02:05]} Qf6 {[%clk 00:54:30]} {[%emt 00:06:54]} 17. Qd2 {[%clk 01:18:35]}
{[%emt 00:02:22]} h6 {[%clk 00:54:41]} {[%emt 00:00:20]} 18. Rf4 {[%clk
01:14:51]} {[%emt 00:04:14]} h5 {[%clk 00:43:35]} {[%emt 00:11:36]} 19. Rff1
{[%clk 01:12:39]} {[%emt 00:02:41]} Qe7 {[%clk 00:42:11]} {[%emt 00:01:54]} 20.
Bh6 {[%clk 01:10:54]} {[%emt 00:02:15]} Bxh6 {[%clk 00:39:21]} {[%emt
00:03:21]} 21. Qxh6 {[%clk 01:10:37]} {[%emt 00:00:46]} f6 {[%clk 00:39:33]}
{[%emt 00:00:19]} 22. Bxh5 {[%clk 01:09:01]} {[%emt 00:02:06]} Qh7 {[%clk
00:30:00]} {[%emt 00:10:02]} 23. Qxh7+ {[%clk 01:08:29]} {[%emt 00:01:03]} Kxh7
{[%clk 00:30:09]} {[%emt 00:00:22]} 24. Nb5 {[%clk 01:06:09]} {[%emt 00:02:50]}
Rd8 {[%clk 00:30:32]} {[%emt 00:00:07]} 25. Rf4 {[%clk 01:03:52]} {[%emt
00:02:46]} Kh6 {[%clk 00:29:29]} {[%emt 00:01:33]} 26. Rxh4 {[%clk 00:58:29]}
{[%emt 00:05:53]} Kg5 {[%clk 00:22:57]} {[%emt 00:07:02]} 27. g3 {[%clk
00:58:13]} {[%emt 00:00:45]} Rh8 {[%clk 00:22:44]} {[%emt 00:00:44]} 28. Be2
{[%clk 00:58:14]} {[%emt 00:00:29]} Rxh4 {[%clk 00:22:55]} {[%emt 00:00:18]} 29.
gxh4+ {[%clk 00:58:39]} {[%emt 00:00:05]} Kxh4 {[%clk 00:22:42]} {[%emt
00:00:43]} 30. Nxd6 {[%clk 00:58:29]} {[%emt 00:00:41]} Kxh3 {[%clk 00:22:57]}
{[%emt 00:00:14]} 31. Kf2 {[%clk 00:58:41]} {[%emt 00:00:18]} 1-0

[Event "Hoogeveen Open"]
[Site "Hoogeveen, Netherlands"]
[Date "2018.10.22"]
[Round "4.29"]
[White "Murray, David"]
[Black "Winkels, Marcel"]
[Result "1-0"]
[WhiteElo "2222"]
[BlackElo "1935"]

1. e4 {[%clk 01:30:57]} {[%emt 00:00:02]} c5 {[%clk 01:30:56]} {[%emt
00:00:04]} 2. Nf3 {[%clk 01:31:23]} {[%emt 00:00:05]} d6 {[%clk 01:31:23]}
{[%emt 00:00:03]} 3. d4 {[%clk 01:31:45]} {[%emt 00:00:08]} cxd4 {[%clk
01:31:48]} {[%emt 00:00:05]} 4. Nxd4 {[%clk 01:32:12]} {[%emt 00:00:04]} Nf6
{[%clk 01:32:13]} {[%emt 00:00:04]} 5. Nc3 {[%clk 01:32:37]} {[%emt 00:00:05]}
a6 {[%clk 01:32:38]} {[%emt 00:00:04]} 6. h3 {[%clk 01:32:34]} {[%emt
00:00:34]} e5 {[%clk 01:32:57]} {[%emt 00:00:12]} 7. Nde2 {[%clk 01:32:40]}
{[%emt 00:00:23]} h5 {[%clk 01:33:17]} {[%emt 00:00:10]} 8. Bg5 {[%clk
01:32:35]} {[%emt 00:00:34]} Be6 {[%clk 01:33:31]} {[%emt 00:00:16]} 9. Bxf6
{[%clk 01:30:47]} {[%emt 00:02:19]} Qxf6 {[%clk 01:33:58]} {[%emt 00:00:02]} 10.
Qd3 {[%clk 01:29:46]} {[%emt 00:01:31]} Nc6 {[%clk 01:32:54]} {[%emt 00:01:35]}
11. Nd5 {[%clk 01:28:44]} {[%emt 00:01:32]} Qd8 {[%clk 01:32:31]} {[%emt
00:00:53]} 12. O-O-O {[%clk 01:26:32]} {[%emt 00:02:42]} g6 {[%clk 01:32:04]}
{[%emt 00:00:57]} 13. g3 {[%clk 01:24:25]} {[%emt 00:02:36]} Bh6+ {[%clk
01:32:22]} {[%emt 00:00:13]} 14. Kb1 {[%clk 01:24:25]} {[%emt 00:00:31]} O-O
{[%clk 01:30:43]} {[%emt 00:02:08]} 15. f4 {[%clk 01:21:35]} {[%emt 00:03:19]}
Rc8 {[%clk 01:29:21]} {[%emt 00:01:53]} 16. a3 {[%clk 01:16:12]} {[%emt
00:05:53]} Kg7 {[%clk 01:21:54]} {[%emt 00:07:56]} 17. f5 {[%clk 01:12:32]}
{[%emt 00:04:10]} Bxd5 {[%clk 01:15:17]} {[%emt 00:07:07]} 18. Qxd5 {[%clk
01:10:37]} {[%emt 00:02:26]} Qb6 {[%clk 01:03:44]} {[%emt 00:12:02]} 19. Qd3
{[%clk 01:01:30]} {[%emt 00:09:37]} Rfd8 {[%clk 00:57:15]} {[%emt 00:06:59]} 20.
Nc3 {[%clk 00:54:22]} {[%emt 00:07:38]} Nd4 {[%clk 00:51:53]} {[%emt 00:05:52]}
21. Nd5 {[%clk 00:50:18]} {[%emt 00:04:35]} Qa5 {[%clk 00:49:15]} {[%emt
00:03:08]} 22. c3 {[%clk 00:36:18]} {[%emt 00:14:30]} Nc6 {[%clk 00:43:46]}
{[%emt 00:05:59]} 23. Qf3 {[%clk 00:34:51]} {[%emt 00:01:56]} Rf8 {[%clk
00:38:21]} {[%emt 00:05:56]} 24. Rg1 {[%clk 00:34:20]} {[%emt 00:01:01]} Qc5
{[%clk 00:23:31]} {[%emt 00:15:19]} 25. Bd3 {[%clk 00:33:25]} {[%emt 00:01:26]}
Bg5 {[%clk 00:16:23]} {[%emt 00:07:38]} 26. h4 {[%clk 00:31:49]} {[%emt
00:02:06]} Bd8 {[%clk 00:16:13]} {[%emt 00:00:40]} 27. Rdf1 {[%clk 00:26:19]}
{[%emt 00:06:01]} Rg8 {[%clk 00:07:08]} {[%emt 00:09:35]} 28. g4 {[%clk
00:20:57]} {[%emt 00:05:51]} Kh7 {[%clk 00:03:37]} {[%emt 00:04:00]} 29. fxg6+
{[%clk 00:19:56]} {[%emt 00:01:32]} fxg6 {[%clk 00:03:31]} {[%emt 00:00:36]} 30.
gxh5 {[%clk 00:19:44]} {[%emt 00:00:42]} g5 {[%clk 00:02:26]} {[%emt 00:01:35]}
31. Qf5+ {[%clk 00:19:08]} {[%emt 00:01:06]} 1-0

[Event "Hoogeveen Open"]
[Site "Hoogeveen, Netherlands"]
[Date "2018.10.23"]
[Round "5.1"]
[White "Amin, Bassem"]
[Black "Guseinov, Gadir"]
[Result "1-0"]
[WhiteElo "2686"]
[BlackElo "2667"]

1. e4 {[%clk 01:30:50]} {[%emt 00:00:08]} c5 {[%clk 01:30:45]} {[%emt
00:00:16]} 2. Nf3 {[%clk 01:30:14]} {[%emt 00:01:06]} Nc6 {[%clk 01:28:06]}
{[%emt 00:03:09]} 3. Bb5 {[%clk 01:30:26]} {[%emt 00:00:19]} g6 {[%clk
01:28:28]} {[%emt 00:00:08]} 4. Bxc6 {[%clk 01:30:47]} {[%emt 00:00:09]} bxc6
{[%clk 01:28:51]} {[%emt 00:00:07]} 5. O-O {[%clk 01:31:07]} {[%emt 00:00:10]}
Bg7 {[%clk 01:29:15]} {[%emt 00:00:05]} 6. Re1 {[%clk 01:31:29]} {[%emt
00:00:07]} Nh6 {[%clk 01:29:20]} {[%emt 00:00:26]} 7. c3 {[%clk 01:31:32]}
{[%emt 00:00:27]} O-O {[%clk 01:29:39]} {[%emt 00:00:10]} 8. h3 {[%clk
01:31:56]} {[%emt 00:00:06]} f5 {[%clk 01:29:17]} {[%emt 00:00:53]} 9. e5
{[%clk 01:32:19]} {[%emt 00:00:07]} Nf7 {[%clk 01:29:37]} {[%emt 00:00:09]} 10.
d3 {[%clk 01:32:40]} {[%emt 00:00:10]} d6 {[%clk 01:29:16]} {[%emt 00:00:51]}
11. Bf4 {[%clk 01:32:58]} {[%emt 00:00:11]} Ba6 {[%clk 01:29:21]} {[%emt
00:00:25]} 12. Na3 {[%clk 01:32:52]} {[%emt 00:00:36]} Rb8 {[%clk 01:28:56]}
{[%emt 00:00:55]} 13. Qd2 {[%clk 01:13:07]} {[%emt 00:20:15]} dxe5 {[%clk
01:09:18]} {[%emt 00:20:08]} 14. Nxe5 {[%clk 01:13:14]} {[%emt 00:00:23]} Nxe5
{[%clk 01:09:36]} {[%emt 00:00:13]} 15. Bxe5 {[%clk 01:13:37]} {[%emt
00:00:06]} Bxe5 {[%clk 01:09:37]} {[%emt 00:00:28]} 16. Rxe5 {[%clk 01:14:00]}
{[%emt 00:00:07]} Qxd3 {[%clk 01:09:59]} {[%emt 00:00:08]} 17. Qc1 {[%clk
01:11:05]} {[%emt 00:03:24]} Rfd8 {[%clk 00:46:56]} {[%emt 00:23:34]} 18. Rxe7
{[%clk 01:07:14]} {[%emt 00:04:21]} Rd7 {[%clk 00:41:23]} {[%emt 00:06:04]} 19.
Rxd7 {[%clk 00:51:38]} {[%emt 00:16:05]} Qxd7 {[%clk 00:41:43]} {[%emt
00:00:10]} 20. c4 {[%clk 00:50:20]} {[%emt 00:01:48]} Qd4 {[%clk 00:33:23]}
{[%emt 00:08:50]} 21. b3 {[%clk 00:50:14]} {[%emt 00:00:36]} Rd8 {[%clk
00:26:29]} {[%emt 00:07:24]} 22. Nc2 {[%clk 00:49:40]} {[%emt 00:01:01]} Qd2
{[%clk 00:22:55]} {[%emt 00:04:07]} 23. Ne1 {[%clk 00:48:24]} {[%emt 00:01:46]}
Qxc1 {[%clk 00:18:11]} {[%emt 00:05:14]} 24. Rxc1 {[%clk 00:48:48]} {[%emt
00:00:06]} f4 {[%clk 00:18:08]} {[%emt 00:00:33]} 25. Rc3 {[%clk 00:40:40]}
{[%emt 00:08:37]} Rd1 {[%clk 00:12:01]} {[%emt 00:06:38]} 26. Kf1 {[%clk
00:41:01]} {[%emt 00:00:09]} Ra1 {[%clk 00:12:26]} {[%emt 00:00:04]} 27. a4
{[%clk 00:38:59]} {[%emt 00:02:32]} Bc8 {[%clk 00:12:28]} {[%emt 00:00:29]} 28.
Ke2 {[%clk 00:39:13]} {[%emt 00:00:16]} Bf5 {[%clk 00:12:43]} {[%emt 00:00:15]}
29. Nd3 {[%clk 00:38:51]} {[%emt 00:00:51]} g5 {[%clk 00:11:48]} {[%emt
00:01:25]} 30. Nxc5 {[%clk 00:35:55]} {[%emt 00:03:26]} Ra2+ {[%clk 00:03:23]}
{[%emt 00:08:56]} 31. Kf3 {[%clk 00:36:04]} {[%emt 00:00:21]} Bc2 {[%clk
00:03:48]} {[%emt 00:00:05]} 32. Ne6 {[%clk 00:06:59]} {[%emt 00:29:34]} Bd1+
{[%clk 00:02:41]} {[%emt 00:01:38]} 33. Ke4 {[%clk 00:07:24]} {[%emt 00:00:06]}
h6 {[%clk 00:03:09]} {[%emt 00:00:02]} 34. g3 {[%clk 00:05:58]} {[%emt
00:01:56]} Kf7 {[%clk 00:02:44]} {[%emt 00:00:55]} 35. Nd8+ {[%clk 00:05:38]}
{[%emt 00:00:50]} Ke8 {[%clk 00:03:10]} {[%emt 00:00:04]} 36. Nxc6 {[%clk
00:05:21]} {[%emt 00:00:47]} Re2+ {[%clk 00:01:55]} {[%emt 00:01:44]} 37. Kf5
{[%clk 00:03:25]} {[%emt 00:02:26]} Rxf2 {[%clk 00:02:11]} {[%emt 00:00:14]} 38.
gxf4 {[%clk 00:03:48]} {[%emt 00:00:07]} gxf4 {[%clk 00:02:34]} {[%emt
00:00:08]} 39. Nd4 {[%clk 00:02:51]} {[%emt 00:01:26]} f3 {[%clk 00:02:19]}
{[%emt 00:00:46]} 40. Kf4 {[%clk 00:02:00]} {[%emt 00:01:21]} Rb2 {[%clk
00:01:43]} {[%emt 00:01:06]} 41. Rd3 {[%clk 00:26:08]} {[%emt 00:06:22]} f2
{[%clk 00:26:11]} {[%emt 00:06:02]} 42. Rxd1 {[%clk 00:26:32]} {[%emt
00:00:06]} Rd2 {[%clk 00:26:39]} {[%emt 00:00:02]} 43. Rf1 {[%clk 00:21:18]}
{[%emt 00:05:44]} Rxd4+ {[%clk 00:26:56]} {[%emt 00:00:14]} 44. Ke3 {[%clk
00:21:42]} {[%emt 00:00:06]} Rh4 {[%clk 00:27:24]} {[%emt 00:00:02]} 45. Rxf2
{[%clk 00:21:43]} {[%emt 00:00:29]} Rxh3+ {[%clk 00:27:47]} {[%emt 00:00:07]}
46. Rf3 {[%clk 00:22:11]} {[%emt 00:00:02]} Rxf3+ {[%clk 00:27:42]} {[%emt
00:00:35]} 47. Kxf3 {[%clk 00:22:40]} {[%emt 00:00:01]} a5 {[%clk 00:28:08]}
{[%emt 00:00:05]} 48. Ke4 {[%clk 00:22:37]} {[%emt 00:00:33]} Ke7 {[%clk
00:21:01]} {[%emt 00:07:37]} 49. Ke5 {[%clk 00:22:55]} {[%emt 00:00:11]} Kf7
{[%clk 00:21:27]} {[%emt 00:00:05]} 1-0